[Event "Challenge"]
[Site "http://www.queenalice.com/game.php?id=809830"]
[Date "2010.7.28"]
[Round "-"]
[White "Knight1"]
[Black "andregor"]
[Result "0-1"]
[WhiteElo "1932"]
[BlackElo "2177"]

1. e4 e6 2. d4 d5 3. Nc3 Bb4 4. e5 c5 5. a3 Bxc3+ 6. bxc3 Ne7 7. Nf3 Nbc6 8. Be2
Qa5 9. O-O Bd7 10. Rb1 Qc7 11. dxc5 O-O 12. c4 Rfd8 13. Qd3 Be8 14. cxd5 Rxd5
15. Qb3 Na5 16. Qb4 Rxc5 17. Bd3 Rd5 18. Be3 Bc6 19. Bc5 Nf5 20. Bxf5 exf5 21.
Bd6 Qd8 22. Nd4 Bd7 23. c3 Rc8 24. Rbd1 Kh8 25. f4 b5 26. Be7 Qb6 27. Bh4 Nc4
28. Bf2 Qd8 29. Qb3 a5 30. Rd3 Be6 31. Ra1 Qd7 32. Qb1 Rg8 33. Rg3 Nd2 34. Qb2
Ne4 35. Re3 Rd8 36. Be1 h6 37. Rd1 Qa7 38. g4 g6 39. h3 Qc5 40. Kh2 Kh7 41. Qe2
Rg8 42. Rb1 Bd7 43. h4 Nxc3 44. Bxc3 Rxd4 45. Bxd4 Qxd4 46. Kg3 fxg4 47. Rd3 Qa7
48. Qe3 Qb7 49. Rd6 h5 50. Rb6 Qa7 51. e6 Re8 52. e7 Bf5 53. Re1 Qa8 54. Kh2 Qd5
55. Re2 Be6 56. Rd2 Qf5 57. Rb7 Qf6 58. Qg3 Rxe7 59. Rxb5 Rc7 60. Re5 Rc4 61.
Rf2 Rd4 62. Rf1 Bc4 63. Rfe1 Rxf4 64. R5e3 Qb2+ 65. Kg1 Qd4 66. Kg2 Bd5+ 67. Kh2
Rf3 68. Rxf3 gxf3 0-1

[Event "Revenge III"]
[Site "http://www.queenalice.com/game.php?id=819965"]
[Date "2010.8.18"]
[Round "-"]
[White "who_dat"]
[Black "Knight1"]
[Result "0-1"]
[WhiteElo "1807"]
[BlackElo "1921"]

1. d4 Nf6 2. Bf4 Nc6 3. d5 e5 4. dxc6 exf4 5. cxb7 Bxb7 6. Nc3 Bb4 7. Qd4 c5 8.
Qxf4 Ne4 9. O-O-O Bxc3 10. bxc3 Qa5 11. Qe5+ Kd8 12. Qxg7 Qa3+ 13. Kb1 Bd5 14.
Qxh8+ Kc7 15. Qe5+ d6 16. Qxd5 Rb8+ 17. Qb3 Nxc3+ 18. Ka1 Rxb3 19. cxb3 Qxa2#
0-1

[Event "Challenge"]
[Site "http://www.queenalice.com/game.php?id=833876"]
[Date "2010.9.17"]
[Round "-"]
[White "ORNELAS"]
[Black "Knight1"]
[Result "0-1"]
[WhiteElo "1660"]
[BlackElo "1932"]

1. b3 e5 2. d4 exd4 3. Qxd4 Nc6 4. Qe4+ Be7 5. Qg4 d5 6. Qxg7 Bf6 7. Qg3 Bxa1 8.
c3 Nge7 9. Qh4 Bf5 10. Nd2 Bxc3 11. g3 Qd6 12. Bg2 Qc5 13. Nf3 Bf6 14. O-O Bxh4
15. Nxh4 Nd4 16. Nxf5 Nxe2+ 17. Kh1 Nxf5 18. Bb2 Rg8 19. Nf3 Qc2 20. Bf6 Rg6 21.
Ba1 Rh6 22. Ne5 Nfxg3+ 23. fxg3 Nxg3+ 24. Kg1 Nxf1 25. Ng4 Qe2 26. Nxh6 Ne3 27.
Bxd5 Qf1# 0-1

[Event "Challenge"]
[Site "http://www.queenalice.com/game.php?id=876244"]
[Date "2010.12.24"]
[Round "-"]
[White "Knight1"]
[Black "Villamizar"]
[Result "1-0"]
[WhiteElo "1937"]
[BlackElo "1832"]

1. e4 e5 2. Nf3 Nc6 3. d4 exd4 4. Nxd4 Nxd4 5. Qxd4 d6 6. Be2 Nf6 7. Nc3 Be7 8.
Bf4 O-O 9. O-O Be6 10. Rad1 Rc8 11. Qxa7 1-0

[Event "Challenge"]
[Site "http://www.queenalice.com/game.php?id=876245"]
[Date "2010.12.24"]
[Round "-"]
[White "Knight1"]
[Black "jbinow"]
[Result "1/2-1/2"]
[WhiteElo "1949"]
[BlackElo "1985"]

1. e4 e5 2. Nf3 Nc6 3. d4 exd4 4. Nxd4 Nxd4 5. Qxd4 d6 6. Be2 Nf6 7. Nc3 c6 8.
Bf4 Be7 9. O-O-O Be6 10. Bxd6 Qxd6 11. Qxd6 Bxd6 12. Rxd6 Ke7 13. Rhd1 Rhd8 14.
Rxd8 Rxd8 15. Rxd8 Kxd8 16. f4 Ke7 17. Kd2 h6 18. f5 Bc8 19. Ke3 Kd6 20. Kf4 Nd7
21. Nd1 Ne5 22. Ne3 b6 23. Nc4+ Nxc4 24. Bxc4 f6 25. a4 a5 26. h4 Bd7 27. c3 b5
28. Bb3 Be8 29. g4 bxa4 30. Bxa4 Bf7 31. Bd1 Bc4 32. Bc2 Bf7 33. Bd3 Bg8 34. Be2
Bf7 35. g5 hxg5+ 36. hxg5 fxg5+ 37. Kxg5 Ke5 38. Bd3 c5 39. Bb1 Be8 40. Kg4 Ba4
41. Kf3 Bd1+ 42. Ke3 Ba4 43. Bd3 Bc6 44. c4 Ba4 45. Bf1 Bc2 46. Bg2 Bb1 47. Bf3
Ba2 48. Be2 Bb3 49. Bf1 Bd1 50. Bh3 Bh5 51. Bg2 g6 52. b3 1/2-1/2

[Event "Challenge"]
[Site "http://www.queenalice.com/game.php?id=911436"]
[Date "2011.3.11"]
[Round "-"]
[White "johndyson"]
[Black "Knight1"]
[Result "1/2-1/2"]
[WhiteElo "2177"]
[BlackElo "1954"]

1. c4 e5 2. g3 Nf6 3. Bg2 d5 4. cxd5 Nxd5 5. Nc3 Nxc3 6. bxc3 Nc6 7. Bxc6+ bxc6
8. Qa4 Bd7 9. Nf3 Bd6 10. Rb1 O-O 11. O-O c5 12. Qe4 Bh3 13. Rd1 Qd7 14. d3 Bf5
15. Qb7 c4 16. Be3 cxd3 17. exd3 Bg4 18. Rdc1 Rad8 19. d4 Qf5 20. Nd2 Be2 21.
Qe4 Qh5 22. Re1 exd4 23. cxd4 Rfe8 24. Qc2 Bg4 25. Qc6 Be6 26. Rb5 Qh3 27. Qg2
Qxg2+ 28. Kxg2 c6 29. Ra5 Bb4 30. Rxa7 c5 31. Rb1 Bc3 32. d5 Bxd5+ 33. Nf3 c4
34. Rb5 Bc6 35. Rc5 Rc8 36. Ra6 Be4 37. Ra4 Rxc5 38. Bxc5 Bd5 39. Be3 Rc8 40. g4
Bb2 41. Rb4 c3 42. Rb5 Bc4 43. Rb4 Bxa2 44. Nd4 Bc4 45. f3 Ba3 46. Rb7 Bd3 47.
Kf2 Bd6 48. Rd7 Bxh2 49. f4 Be4 50. Nf3 Bc6 51. Rd3 Bxf3 52. Kxf3 g5 53. fxg5 c2
54. Bc1 Be5 55. Rd5 Bg7 56. Ke2 f6 57. Kd3 fxg5 58. Rxg5 Rc6 59. Ra5 Rc3+ 60.
Kd2 Rc7 61. Kd3 h6 62. Ra2 Rc3+ 63. Kd2 Rc4 64. Kd3 Rxg4 65. Rxc2 h5 66. Rh2 h4
67. Bb2 Bxb2 68. Rxb2 h3 69. Ra2 Rg2 70. Ra1 h2 71. Rh1 Kg7 72. Kd4 Kg6 73. Ke3
Rg3+ 1/2-1/2

[Event "Challenge"]
[Site "http://www.queenalice.com/game.php?id=918396"]
[Date "2011.3.28"]
[Round "-"]
[White "ORNELAS"]
[Black "Knight1"]
[Result "0-1"]
[WhiteElo "1650"]
[BlackElo "1950"]

1. e4 e5 2. Bc4 Nf6 3. d3 c6 4. Bg5 d5 5. exd5 cxd5 6. Bb3 Nc6 7. Nf3 Be7 8.
Nbd2 Bg4 9. a3 h6 10. h3 hxg5 11. Qb1 Bxf3 12. Nxf3 g4 13. Qd1 gxf3 14. Qxf3
Qa5+ 15. c3 d4 16. O-O dxc3 17. bxc3 Qxc3 18. Ba4 e4 19. Qg3 Kf8 20. Bxc6 bxc6
21. Rfd1 Bxa3 22. Qc7 exd3 23. Qb7 Re8 24. Ra2 Re1+ 25. Rxe1 Qxe1+ 26. Kh2 Bd6+
27. g3 Rxh3+ 28. Kxh3 Qh1# 0-1

[Event "Challenge"]
[Site "http://www.queenalice.com/game.php?id=972821"]
[Date "2011.8.15"]
[Round "-"]
[White "Knight1"]
[Black "luxitano78"]
[Result "1-0"]
[WhiteElo "1998"]
[BlackElo "2007"]

1. e4 c6 2. Nf3 d5 3. exd5 cxd5 4. d4 Nf6 5. Nc3 e6 6. Bf4 a6 7. Bd3 Be7 8. O-O
Nbd7 9. Re1 O-O 10. Nd2 b5 11. Qf3 Bb7 12. a4 b4 13. Ne2 a5 14. c4 bxc3 15. bxc3
Rc8 16. Reb1 Bc6 17. Ba6 Ra8 18. Bb5 Qc8 19. c4 Bb7 20. c5 Nb8 21. Nb3 Nc6 22.
Ng3 Nb4 23. Nxa5 Nc2 24. Nxb7 Qxb7 25. Bd3 Nxd4 26. Rxb7 Nxf3+ 27. gxf3 Bxc5 28.
a5 h6 29. a6 Ba7 30. Ne2 Nh5 31. Be3 Bb8 32. f4 e5 33. a7 d4 34. Rxb8 dxe3 35.
Rxa8 1-0

[Event "Challenge"]
[Site "http://www.queenalice.com/game.php?id=991853"]
[Date "2011.10.1"]
[Round "-"]
[White "albemo"]
[Black "Knight1"]
[Result "0-1"]
[WhiteElo "1909"]
[BlackElo "2029"]

1. Nf3 Nf6 2. d4 d5 3. c4 e6 4. Bf4 dxc4 5. Qa4+ Bd7 6. Qxc4 Bd6 7. Bxd6 cxd6 8.
e3 Qb6 9. Nc3 O-O 10. Bd3 Nc6 11. Qb5 Nxd4 12. Qxb6 Nxf3+ 13. gxf3 axb6 14. Rg1
Ra5 15. Ke2 Bc6 16. Rg2 Rh5 17. b4 Rh3 18. e4 Nh5 19. Ke3 f5 20. b5 fxe4 21.
bxc6 Rfxf3+ 0-1

[Event "Challenge"]
[Site "http://www.queenalice.com/game.php?id=995211"]
[Date "2011.10.9"]
[Round "-"]
[White "Knight1"]
[Black "Belbo"]
[Result "1-0"]
[WhiteElo "2040"]
[BlackElo "2082"]

1. d4 Nf6 2. c4 e6 3. Nc3 Bb4 4. Qc2 O-O 5. a3 Bxc3+ 6. Qxc3 Ne4 7. Qc2 f5 8.
Nh3 b6 9. e3 Bb7 10. f3 Nf6 11. Be2 d6 12. O-O Nbd7 13. b4 a5 14. Bb2 c5 15.
Rfd1 cxb4 16. axb4 axb4 17. Qd2 b5 18. Qxb4 bxc4 19. Bxc4 d5 20. Rxa8 Bxa8 21.
Bb5 Qb6 22. Rc1 Rb8 23. Ba3 Nf8 24. Rb1 Qd8 25. Qe1 Bb7 26. Nf4 Bc8 27. Bd3 Rxb1
28. Qxb1 Qa5 29. Qc1 Bd7 30. Bf1 Ng6 31. Nxg6 hxg6 32. Be7 Kf7 33. Bd6 Kg8 34.
Bf4 Qb6 35. h4 Nh5 36. Be5 Qb3 37. Kh2 Qa2 38. Qe1 Bc6 39. Qe2 Qb1 40. Qa6 Bd7
41. Kg1 Qe1 42. Qd6 Qxe3+ 43. Kh2 Ba4 44. Qxe6+ Kh7 45. Qxd5 Qf2 46. Qc4 Qxh4+
47. Kg1 Bd7 48. Qf7 Bc6 49. Qc7 Bd5 50. Qa5 1-0

[Event "Challenge"]
[Site "http://www.queenalice.com/game.php?id=1028926"]
[Date "2012.2.11"]
[Round "-"]
[White "Knight1"]
[Black "IronButterfly"]
[Result "1/2-1/2"]
[WhiteElo "2058"]
[BlackElo "2075"]

1. e4 d6 2. Nc3 g6 3. d4 Nf6 4. Nf3 Bg7 5. Be2 O-O 6. O-O c6 7. Bf4 Nbd7 8. Qd2
b5 9. e5 Nh5 10. Bh6 dxe5 11. dxe5 Nxe5 12. Qxd8 Rxd8 13. Bxg7 Nxf3+ 14. Bxf3
Kxg7 15. Bxc6 Rb8 16. Bxb5 Bf5 17. Ba4 Rxb2 18. Bb3 Bxc2 19. Na4 Bxb3 20. Nxb2
Bd5 21. Rfe1 e6 22. Rad1 Ra8 23. a3 Nf4 24. f3 g5 25. Rd2 Rb8 26. Nd3 Nxd3 27.
Rxd3 h5 28. h3 f5 29. Rc3 Kf6 30. Rc7 g4 31. hxg4 hxg4 32. fxg4 Rb2 33. gxf5
Rxg2+ 34. Kf1 exf5 35. Rd1 Be4 36. Rxa7 Ra2 37. Ke1 Rh2 38. Ra5 Kg5 39. Rd2 Rh1+
40. Kf2 Kf4 41. Re2 Rh3 42. Ra7 Bf3 43. Re8 Rh2+ 44. Ke1 Ra2 45. a4 Be4 46. Rb8
Ke3 47. Rb3+ Kd4 48. Rd7+ Kc4 49. Rb8 Rxa4 50. Rc8+ Kb5 51. Rd2 Ka6 52. Kf2 Ra3
53. Rb8 Rf3+ 54. Ke2 Ka7 55. Rb4 Ra3 56. Rd6 Bf3+ 57. Kf2 Bg4 58. Rf6 Rf3+ 59.
Ke1 Rd3 60. Rb1 Re3+ 61. Kd2 Re2+ 62. Kd3 Re7 63. Kd4 Bh3 64. Kd5 Rc7 65. Rb2
Bg4 66. Kd6 Rc3 67. Rf7+ Ka6 68. Rfb7 Bf3 69. R7b6+ Ka7 70. R6b5 Rc6+ 71. Ke5
Be4 72. Rb7+ Ka6 73. R7b3 Rc5+ 74. Kf4 Ra5 75. Rb4 1/2-1/2

[Event "Challenge"]
[Site "http://www.queenalice.com/game.php?id=1136319"]
[Date "2013.1.2"]
[Round "-"]
[White "Knight1"]
[Black "GEMAN"]
[Result "0-1"]
[WhiteElo "2064"]
[BlackElo "2044"]

1. e4 Nc6 2. d4 e6 3. Nf3 d5 4. e5 f6 5. Bb5 Bd7 6. O-O Nxe5 7. Nxe5 Bxb5 8.
Qh5+ g6 9. Nxg6 hxg6 10. Qxh8 Bxf1 11. Qxg8 Ba6 12. Bh6 Kd7 13. Bxf8 Qxf8 14.
Qxg6 Re8 15. Nd2 Re7 16. Re1 Rg7 17. Qh5 Bb5 18. Ne4 b6 19. Ng3 c5 20. Qf3 f5
21. Nh5 Rg6 22. Nf4 Rf6 23. Qe3 Qd6 24. Qg3 Qf8 25. Ng6 Qd6 0-1

[Event "Challenge"]
[Site "http://www.queenalice.com/game.php?id=1143299"]
[Date "2013.1.21"]
[Round "-"]
[White "Eggchaser"]
[Black "Knight1"]
[Result "0-1"]
[WhiteElo "1945"]
[BlackElo "2052"]

1. Nf3 d5 2. c4 d4 3. g3 Nc6 4. Bg2 e5 5. d3 Nf6 6. O-O Bd6 7. e3 O-O 8. exd4
Nxd4 9. Re1 Bg4 10. Nbd2 Qd7 11. Ne4 Nxe4 12. dxe4 f5 13. exf5 Qxf5 0-1